000 00529nam a2200157 a 4500
008 060706s1983 ||||||||||||||||| || u
020 _a0304310077
050 _aHD 6971 Far
100 _aFarnham, D
245 1 0 _aUnderstanding industrial relations. (2nd ed.)
250 _a2th ed.
260 _aLondon:
_bCassell
_c1983
300 _axvi, 500p.
350 _a0.00
995 _D0.00
_FCBU-MAIN LIBRARY (Kitwe)
_H1
_I0.00
_M1
_UDAMAGED
_WJul 6, 2006
_ZMain Library Open Access Collection
999 _c60700
_d60700